| 000 | 00611nam a22002057a 4500 | ||
|---|---|---|---|
| 999 |
_c3512 _d3512 |
||
| 003 | AR-CdUCM | ||
| 008 | 190306b ||||| |||| 00| 0 spa d | ||
| 040 |
_aMUNICIPALIDAD PROVINCIAL DEL CUSCO _cBIBLIOTECA MUNICIPAL DEL CUSCO |
||
| 082 |
_a869.56 / _bR84 |
||
| 100 |
_aRosas Paravicino, Enrique _9417 |
||
| 245 | _aEl gran seƱor / | ||
| 260 |
_aLima : _bEdit. San Marcos, _c2009. |
||
| 300 |
_a250 paginas ; _c20 cm. |
||
| 505 | _aContenido :Novela peruana del siglo XX / | ||
| 650 |
_aLiteratura peruana _9169 |
||
| 650 |
_aSiglo XX _98 |
||
| 650 |
_aNovelas _9218 |
||
| 942 |
_2ddc _cLIBROS |
||
| 945 | _arjall | ||